Netherlands Squad - Euro 2024 - Statistics

General Stats
  • This quiz has been taken 32 times
  • The average score is 19 of 26
Answer Stats
Club Player % Correct
Tottenham Hotspurs Micky van de Ven
100%
Liverpool Virgil Van Dijk
100%
Liverpool Cody Gakpo
96%
Bayern Munich Matthijs de Ligt
93%
Barcelona Frenkie de Jong
89%
Bayer Leverkusen Jeremie Frimpong
89%
Borussia Dortmund Donyell Malen
86%
Manchester City Nathan Ake
86%
Atletico Madrid Memphis Depay
82%
Brighton And Hove Albion Bart Verbruggen
79%
Internazionale Denzel Dumfries
79%
Internazionale Stefan de Vrij
75%
Al-Ettifaq Gini Wijnaldum
71%
Liverpool Ryan Gravenberch
71%
RB Leipzig Xavi Simons
71%
Girona Daley Blind
68%
AC Milan Tijjani Reijnders
68%
Brentford Mark Flekken
61%
Atalanta Teun Koopmeiners
61%
Ajax Steven Bergwijn
57%
Hoffenheim Wout Weghorst
57%
Feyenoord Justin Bijlow
54%
Ajax Brian Brobbey
46%
PSV Eindhoven Jerdy Schouten
39%
PSV Eindhoven Joey Veerman
39%
Feyenoord Lutsharel Geertruida
32%
No matching quizzes found
Score Distribution
Percent of People with Each Score
Percentile by Number Answered
Your Score History
You have not taken this quiz